000 00409nam a2200169Ia 4500
005 20250508154731.0
008 008 250505s9999 xx 000 0 eng d
037 _aTextual
040 _aFEDL
_beng
_cFEDL
041 _aeng
_2eng
084 _a942, STA
_qFEDL
100 _aStrachey J
245 0 _aEnd of empire
300 _a418p.
942 _cTEXL
_h942, STA
999 _c1351862
_d1351862